Reseña de la historia norteamericana /

Guardado en:
Autor Principal: Est Unidos Serv Cultural
Formato: Libro
Publicado: : , 0
Materias:
Etiquetas: Agregar Etiqueta
Sin Etiquetas, Sea el primero en etiquetar este registro!
LEADER 00475nam a22001815a 4500
001 CEM.cems002331
005 20060216000000.0
008 130507b######################000#0#####d
003 CEMS
082 0 4 |a 973 
100 1 |a Est Unidos Serv Cultural 
245 1 0 |a Reseña de la historia norteamericana / 
260 |a : , 0 
300 |a 198 p. 
653 |a Eeuu 
653 |a Historia 
653 |a Historia norteamericana 
859 |a CEMS  |b BIB. CEMS - 11 de abril  |h 973  |i Es82  |p 7121.79  |t Ej.1